LEADER 01723nam a2200373 u 4500 001 000000017716 003 CaOOAMICUS 005 20070226110606.0 008 941010s1983 it u000 u ita u 020 $a8816401192 035 $a10412729 040 $aPUL(R)$bita 100 1 $aMaier, Anneliese,$d1905-1971.$0(OLS)http://pul/name/13442 245 10$aScienza e filosofia nel Medioevo :$bsaggi sui secoli XIII e XIV /$cAnneliese Maier ; prefazione di Mario Dal Pra ; introduzione e traduzione di Massimo Parodi e Achille Zoerle. 260 $aMilano :$bJaca Book,$c1984. 300 $axiv, 430 p. ;$c23 cm 490 1 $aBiblioteca di cultura medievale 490 1 $aDi fronte e attraverso ;$v119 504 $aComprende bibliografia. 650 4$aFilosofia medievale.$0(OLS)http://pul/subject/139 650 4$aFilosofia scientifica$ySec. XIII-XIV.$0(OLS)http://pul/subject/12439 700 1 $aZoerle, Achille.$0(OLS)http://pul/name/3589 700 1 $aParodi, Massimo,$d1948-$0(OLS)http://pul/name/2071 700 1 $aDal Pra, Mario,$d1914-1992.$0(OLS)http://pul/name/5569 830 0$aDi fronte e attraverso ;$v119.$0(OLS)http://pul/title/138 830 0$aBiblioteca di cultura medievale.$0(OLS)http://pul/title/2253 850 $aPUL 852 $aPUL$W1$xSL Filosofia 1$y2$m84 L 59$j24966$nBK-PRI$b $qStampati$B24966$CPULBib$Z2$F24966 $H $81 941 1 $a8 960 $aFilosofia medioevale$9139 961 $aINV: 52084 996 $6020$a8816401192$9(OLS)http://pul/number/22816 996 $6245$aScienza e filosofia nel Medioevo :$bsaggi sui secoli XIII e XIV$9(OLS)http://pul/title/25346 996 $6260$aMilano :$bJaca Book$9(OLS)http://pul/publisher/47900 LEADER 01233nam a2200265 u 4500 001 000000037252 003 CaOOAMICUS 005 20070226113738.0 008 980406s1941 it u000 u ita u 035 $a10789094 040 $aPUL(R)$bita 100 1 $aFalzea, Angelo.$0(OLS)http://pul/name/28001 245 13$aLa condizione e gli elementi dell'atto giuridico /$cAngelo Falzea. 260 $aMilano :$bA. Giuffrè,$c1941. 300 $aviii, 333 p. ;$c24 cm 490 1 $aPubblicazioni dell'Istituto di scienze giuridiche, economiche, politiche e sociali dell'Università di Messina ;$v13 500 $aContiene indici. 504 $aBibliografia in nota. 650 4$aDiritto civile.$0(OLS)http://pul/subject/2145 830 0$aPubblicazioni dell'Istituto di scienze giuridiche, economiche, politiche e sociali dell'Università di Messina ;$v13.$0(OLS)http://pul/title/48149 850 $aPUL 852 $aPUL$W1$xDP2 Diritto Canonico 1$y64$m167 F 63$j50925$nBK-PRI$qStampati$B50925$CPULBib$Z2$F50925 $H9173 $82 941 1 $a8 996 $6245$aLa condizione e gli elementi dell'atto giuridico$9(OLS)http://pul/title/50756 996 $6260$aMilano :$bA. Giuffrè$9(OLS)http://pul/publisher/48096